Countries that Start with N - Sudden Death - Statistics

General Stats
  • This quiz has been taken 285 times
  • The average score is 10 of 11
Answers on the Grid
Answers color-coded by a green-red scale on the quiz's grid according to % correct below.
Nagano
Nairobi
Namibia
Nassau
Nauru
Nepal
Netherlands
New Delhi
New England
New Mexico
New Zealand
Newfoundland
Nicaragua
Nicosia
Niger
Nigeria
North Korea
North Macedonia
Northumberland
Norway
Nova Scotia
Nunavut
 
Answer Stats
Answer % Correct
Namibia
97%
Netherlands
97%
New Zealand
94%
Niger
92%
North Korea
92%
Nepal
91%
Nicaragua
90%
Norway
90%
Nauru
89%
Nigeria
89%
North Macedonia
86%
No matching quizzes found
Score Distribution
Percent of People with Each Score
Percentile by Number Answered
Your Score History
You have not taken this quiz